| 000 | 01010cam a22003015i 4500 | ||
|---|---|---|---|
| 999 |
_c27817 _d27788 |
||
| 001 | 19139927 | ||
| 003 | EG-ScBUE | ||
| 005 | 20191204100407.0 | ||
| 008 | 160617s2017 enk f bd 001 0 eng d | ||
| 020 | _a9780415538299 (hardback) | ||
| 040 |
_aDLC _beng _erda _cDLC _dDLC _dEG-ScBUE |
||
| 082 | 0 | 4 |
_a320.3072 _bLAN _222 |
| 100 | 1 |
_aLandman, Todd, _eauthor. |
|
| 245 | 1 | 0 |
_aIssues and methods in comparative politics : _ban introduction / _cTodd Landman, Edzia Carvalho. |
| 250 | _aFourth edition. | ||
| 264 | 1 |
_aAbingdon, Oxon ; _aNew York : _bRoutledge / Taylor & Francis Group, _c2017. |
|
| 300 |
_axx, 354 pages ; _c26 cm |
||
| 336 |
_atext _btxt _2rdacontent |
||
| 337 |
_aunmediated _bn _2rdamedia |
||
| 338 |
_avolume _bnc _2rdacarrier |
||
| 500 | _aIncludes glossary. | ||
| 504 | _aIncludes bibliographical references and index. | ||
| 650 | 7 |
_aComparative government. _2BUEsh |
|
| 653 |
_bMASPPSS _cNovember2019 |
||
| 655 | _vReading book | ||
| 700 | 1 |
_aCarvalho, Edzia, _eauthor. |
|
| 942 |
_2ddc _cBB |
||